000 00616cam a2200253 4500
008 000000n1982 000 0 eng u
020 _a0711457123
035 _a(Sirsi) u110834
050 _a693.71
100 _aLambert, F.W.
245 _aStructural steelwork.
250 _a3rd. ed.
260 _aLondon
_bLongman
_c1982
300 _a141p. ; 22cm.
350 _a8.00
490 _aGodwin Study Guides
650 _aSTEELWORK
650 _aSTRUCTURES
650 _aDESIGN
650 _aSTRUCTURAL ELEMENTS
650 _aSTEEL
690 _aBUILT ENVIRONMENT-CONSTRUCTION DESIGN
942 _n0
999 _c101139
_d101139